Мировая экономика и международные экономические отношения: учебное пособие

Bibliografiske detaljer
Hovedforfatter: Акельев Е. С. Евгений Сергеевич
Institution som forfatter: Национальный исследовательский Томский политехнический университет (ТПУ)
Andre forfattere: Ермушко Ж. А. Жанна Александровна
Summary:Заглавие с титульного экрана
В пособии в краткой форме изложен основной материал, отражающий содержание и основные характеристики мировой экономики и международных экономических отношений. С учетом специфики современных тенденций глобализации мировых экономических процессов освещается обширная зарубежная практика и методология формирования стратегических и оперативных решений в мировой экономике и международных экономических отношений. Рассматривается структура и закономерности функционирования мировой экономики, а также взаимодействие субъектов международных экономических отношений на современном этапе развития. Предназначено для студентов, обучающихся по специальности 080014 "Мировая экономика".
Режим доступа: из корпоративной сети ТПУ
Sprog:russisk
Udgivet: Томск, Изд-во ТПУ, 2012
Fag:
Online adgang:http://www.lib.tpu.ru/fulltext2/m/2012/m473.pdf
Format: MixedMaterials Electronisk Bog
KOHA link:https://koha.lib.tpu.ru/cgi-bin/koha/opac-detail.pl?biblionumber=228936

MARC

LEADER 00000nlm0a2200000 4500
001 228936
005 20240204123925.0
035 |a (RuTPU)RU\TPU\book\249465 
090 |a 228936 
100 |a 20121224d2012 m y0rusy50 ca 
101 0 |a rus 
102 |a RU 
105 |a a j 001zy 
135 |a drcn ---uucaa 
181 0 |a i  
182 0 |a b 
200 1 |a Мировая экономика и международные экономические отношения  |e учебное пособие  |f Е. С. Акельев, Ж. А. Ермушко  |g Национальный исследовательский Томский политехнический университет (ТПУ) 
203 |a Текст  |c электронный 
210 |a Томск  |c Изд-во ТПУ  |d 2012 
300 |a Заглавие с титульного экрана 
330 |a В пособии в краткой форме изложен основной материал, отражающий содержание и основные характеристики мировой экономики и международных экономических отношений. С учетом специфики современных тенденций глобализации мировых экономических процессов освещается обширная зарубежная практика и методология формирования стратегических и оперативных решений в мировой экономике и международных экономических отношений. Рассматривается структура и закономерности функционирования мировой экономики, а также взаимодействие субъектов международных экономических отношений на современном этапе развития. Предназначено для студентов, обучающихся по специальности 080014 "Мировая экономика". 
333 |a Режим доступа: из корпоративной сети ТПУ 
337 |a Adobe Reader 
606 1 |a Мировая экономика  |2 stltpush  |3 (RuTPU)RU\TPU\subj\44096  |9 63470 
606 1 |a Международные экономические отношения  |2 stltpush  |3 (RuTPU)RU\TPU\subj\69990  |9 84584 
610 1 |a электронный ресурс 
610 1 |a труды учёных ТПУ 
610 1 |a учебные пособия 
610 1 |a мировая экономика 
610 1 |a мировое хозяйство 
610 1 |a развитие 
610 1 |a тенденции 
610 1 |a структура 
610 1 |a субъекты 
610 1 |a природно-ресурсный потенциал 
610 1 |a человеческие ресурсы 
610 1 |a международные экономические отношения 
610 1 |a международная торговля 
610 1 |a международное движение 
610 1 |a факторы производства 
610 1 |a международные валютно-финансовые отношения 
610 1 |a внешнеэкономическая деятельность 
610 1 |a регулирование 
610 1 |a государственное регулирование 
610 1 |a Россия 
610 1 |a Российская Федерация 
686 |a У5я73  |2 rubbk 
686 |a У580я73  |2 rubbk 
700 1 |a Акельев  |b Е. С.  |c экономист  |c ассистент Томского политехнического университета, кандидат экономических наук  |f 1982-  |g Евгений Сергеевич  |3 (RuTPU)RU\TPU\pers\30245 
701 1 |a Ермушко  |b Ж. А.  |c экономист  |c доцент Томского политехнического университета, кандидат экономических наук  |f 1965-  |g Жанна Александровна  |3 (RuTPU)RU\TPU\pers\25993  |9 11842 
712 0 2 |a Национальный исследовательский Томский политехнический университет (ТПУ)  |c (2009- )  |3 (RuTPU)RU\TPU\col\15902 
801 1 |a RU  |b 63413507  |c 20121224 
801 2 |a RU  |b 63413507  |c 20131107  |g RCR 
856 4 |u http://www.lib.tpu.ru/fulltext2/m/2012/m473.pdf 
942 |c CF